|
|
|
|
| LEADER |
01077nam a22002177a 4500 |
| 008 |
151211b xxu||||| |||| 00| 0 eng d |
| 999 |
|
|
|c 13300
|d 13300
|
| 020 |
|
|
|a 9780198079828
|
| 082 |
|
|
|a 954.042
|b GOP
|
| 100 |
|
|
|a Gopal, Sarvepalli
|
| 245 |
|
|
|a Jawaharlal Nehru :
|b a biography /
|c Sarvepalli Gopal
|
| 260 |
|
|
|a New Delhi :
|b Oxford University Press,
|c 1975. (2014)
|
| 300 |
|
|
|a 3 v.
|
| 500 |
|
|
|a Vol. 1: 1889-1947
Vol. 2: 1947-1956
Vol. 3: 1956-1964
|
| 600 |
|
|
|a Nehru, Jawaharlal
|
| 650 |
|
|
|a Biography
|
| 650 |
|
|
|a Politics
|
| 942 |
|
|
|2 ddc
|c REF
|
| 952 |
|
|
|0 0
|1 0
|2 ddc
|4 0
|6 R_954_042000000000000_GOP
|7 1
|9 18970
|a MAIN
|b MAIN
|d 2015-12-11
|g 2500.00
|h Vol. 1 (1889-1947)
|o R 954.042 GOP
|p 19098
|r 2015-12-11
|t 1
|w 2015-12-11
|y REF
|
| 952 |
|
|
|0 0
|1 0
|2 ddc
|4 0
|6 R_954_042000000000000_GOP
|7 1
|9 18971
|a MAIN
|b MAIN
|d 2015-12-11
|e Mathrubhumi Books
|h Vol. 2 (1947-1956)
|o R 954.042 GOP
|p 19099
|r 2015-12-11
|t 1
|w 2015-12-11
|y REF
|
| 952 |
|
|
|0 0
|1 0
|2 ddc
|4 0
|6 R_954_042000000000000_GOP
|7 1
|9 18972
|a MAIN
|b MAIN
|d 2015-12-11
|e Mathrubhumi Books
|h Vol. 3 (1956-1964)
|o R 954.042 GOP
|p 19100
|r 2015-12-11
|t 1
|w 2015-12-11
|y REF
|